Latin Relative Pronouns (qui/quae/quod) - Statistics

General Stats
  • This quiz has been taken 1,479 times
  • The average score is 23 of 30
Answer Stats
Case Masculine % Correct
Nominative Singular qui
100%
Accusative Singular quae
99%
Genitive Singular quod
98%
Ablative Singular quam
81%
quod
81%
quae
78%
Dative Singular quem
78%
Dative Plural cui
77%
Ablative Plural cui
77%
Nominative Plural cuius
77%
Accusative Plural cuius
77%
Genitive Plural cuius
77%
qui
77%
cui
76%
qua
76%
quo
76%
quo
76%
quorum
73%
quae
72%
quarum
72%
quorum
72%
quas
71%
quos
70%
quae
68%
quibus
68%
quibus
68%
quibus
68%
quibus
67%
quibus
67%
quibus
67%
No matching quizzes found
Score Distribution
Percent of People with Each Score
Percentile by Number Answered
Your Score History
You have not taken this quiz